Masonry arch bridges (Record no. 105797)
[ view plain ]
| 000 -LEADER | |
|---|---|
| fixed length control field | 00892cam a2200277 4500 |
| 001 - CONTROL NUMBER | |
| control field | ##L134760 |
| 008 - FIXED-LENGTH DATA ELEMENTS--GENERAL INFORMATION | |
| fixed length control field | 060830n2006 000 0 eng u |
| 020 ## - INTERNATIONAL STANDARD BOOK NUMBER | |
| International Standard Book Number | 0860176568 |
| 035 ## - SYSTEM CONTROL NUMBER | |
| System control number | (Sirsi) u134760 |
| 041 0# - LANGUAGE CODE | |
| Language code of text/sound track or separate title | eng |
| 050 04 - LIBRARY OF CONGRESS CALL NUMBER | |
| Classification number | 624.2 $2 18 |
| 100 1# - MAIN ENTRY--PERSONAL NAME | |
| Personal name | McKibbins, Leo D. |
| 245 00 - TITLE STATEMENT | |
| Title | Masonry arch bridges |
| Remainder of title | condition, appraisal and remedial treatment |
| 260 ## - PUBLICATION, DISTRIBUTION, ETC. | |
| Place of publication, distribution, etc. | London |
| Name of publisher, distributor, etc. | CIRIA |
| Date of publication, distribution, etc. | 2006 |
| 300 ## - PHYSICAL DESCRIPTION | |
| Extent | 342p. |
| Other physical details | ill. |
| Dimensions | 30cm. |
| 350 ## - PRICE (NR) (BK AM CF MU VM SE) [OBSOLETE] | |
| Price | 120 |
| 490 #0 - SERIES STATEMENT | |
| Series statement | CIRIA |
| Volume/sequential designation | C656 |
| 520 ## - SUMMARY, ETC. | |
| Summary, etc. | Provides guidance to managers, engineers and contractors on the condition assessment, repair and maintenance of brick and stone bridges. Includes case studies showing good practice. |
| 590 ## - LOCAL NOTE (RLIN) | |
| Local note | IKA190906 |
| 651 #4 - SUBJECT ADDED ENTRY--GEOGRAPHIC NAME | |
| Geographic name | United Kingdom |
| Chronological subdivision | |
| 690 ## - LOCAL SUBJECT ADDED ENTRY--TOPICAL TERM (OCLC, RLIN) | |
| Topical term or geographic name as entry element | PROPERTY-INFRASTRUCTURE |
| 700 1# - ADDED ENTRY--PERSONAL NAME | |
| Personal name | Melbourne, Clive |
| 700 1# - ADDED ENTRY--PERSONAL NAME | |
| Personal name | Sawar, Nisar |
| 700 1# - ADDED ENTRY--PERSONAL NAME | |
| Personal name | Gaillard, Carlos Sicilia |
| 942 ## - ADDED ENTRY ELEMENTS (KOHA) | |
| Suppress in OPAC | 0 |
| Withdrawn status | Lost status | Source of classification or shelving scheme | Damaged status | Not for loan | Home library | Current library | Shelving location | Date acquired | Total Checkouts | Full call number | Barcode | Date last seen | Copy number | Price effective from | Koha item type |
|---|---|---|---|---|---|---|---|---|---|---|---|---|---|---|---|
| Dewey Decimal Classification | London | London | Books | 05/09/2006 | F624.2 MCK | 30073219 | 06/08/2019 | 1 | 06/08/2019 | Book |